Contemporary management (Record no. 2810)
[ view plain ]
| 000 -LEADER | |
|---|---|
| fixed length control field | 01201nam a2200145 4500 |
| 020 ## - INTERNATIONAL STANDARD BOOK NUMBER | |
| ISBN | 9780073530222 |
| 050 ## - CALL NUMBER | |
| Classification number | HD 31 |
| 100 ## - AUTHOR | |
| Personal name | Gareth R Jones;Jennifer M George |
| 245 ## - TITLE | |
| Title | Contemporary management |
| 250 ## - EDITION | |
| Edition statement | 4th ed. |
| 260 ## - PUBLICATION INFORMATION | |
| Place of publication | Boston : |
| Name of publisher | McGraw-Hill/Irwin, |
| Year of publication | 2008. |
| 300 ## - DESCRIPTION | |
| Number of Pages | xxviii, 728 p.: |
| Other physical details | ill, |
| Dimensions | 27 cm. |
| 505 ## - FORMATTED CONTENTS NOTE | |
| Table of Content | Managers and Managing --<br/>Values, Attitudes, Emotions, and Culture: The Manager as a Person --<br/>Ethics and Social Responsibility --<br/>Managing Diverse Employees in a Multicultural Environment --<br/>Managing in the Global Environment --<br/>Decision Making, Learning, Creativity, and Entrepreneurship --<br/>The Manager as a Planner and Strategist --<br/>The manager as a decision maker --<br/>Value-Chain Management: Functional Strategies for Competitive Leadership --<br/>Motivation and performance --<br/>Effective groups and teams --<br/>Communication<br/>Managing organizational architecture --<br/>Managing organizational structure--<br/>Organizational control and change --<br/>Human resource management --<br/>Managing organisational conflict,politics and negotiation.<br/>Utilizing advanced information technology --<br/>Promoting innovation, product development and entrepreneur -- |
| 942 ## - ADDED ENTRY ELEMENTS (KOHA) | |
| Koha item type | Books |
| Withdrawn status | Lost status | Home library | Current library | Shelving location | Date acquired | Full call number | Accession Number | Koha item type |
|---|---|---|---|---|---|---|---|---|
| Methodist University Library Tema | Methodist University Library Tema | General Stacks | 22/11/2007 | HD 31 | 28537 | Books |